000
00321nam a2200145Ia 4500
008
191201s2008 xx 000 0 und d
082
_a
658.87
_b
LOC
100
_a
LOUDON , David l
245
0
_a
Consumer Behavior
250
_a
Rep.
260
_a
N.Delhi
_b
TMH
_c
2008
300
_a
788
650
_a
MBA
942
_2
ddc
_c
BK
999
_c
3542
_d
3542